000 00813cab a2200217 4500
001 ABS40281
008 090401t1989 xxu||||| |||| 00| 0 eng d
035 _a(Sirsi) u22787
041 _aeng
100 _aBate, S.
245 _aRetiring in style
260 _c1989
350 _a0
490 _aCountry
_v89(1) January 1989, 35-38(3)
520 _aThe concept of sheltered housing and retirement homes is changing, as builders realise that elderly people want more than the traditional one-bedroom flat complexes. This article looks at some of the more imaginative schemes and which include new design features and greater community facilities.
650 _aELDERLY ACCOMMODATION COUNSEL
650 _aMCCARTHY AND STONE
690 _aPROPERTY LAW AND PRACTICE
942 _n0
948 _c04/03/1997
999 _c15277
_d15277